<?xml version="1.0" encoding="UTF-8"?>
<collection xmlns="http://www.loc.gov/MARC21/slim">
  <record>
    <leader>00000nam  2200000   4500</leader>
    <controlfield tag="001">INLIS000000000002501</controlfield>
    <controlfield tag="005">20180724145551</controlfield>
    <controlfield tag="008">180724|||||||||   |   |||   |||| ||   | </controlfield>
    <datafield tag="035" ind1=" " ind2=" ">
      <subfield code="0">010-0718002501</subfield>
    </datafield>
    <datafield tag="041" ind1=" " ind2=" ">
      <subfield code="a">id</subfield>
    </datafield>
    <datafield tag="082" ind1=" " ind2=" ">
      <subfield code="a">R. 057</subfield>
    </datafield>
    <datafield tag="090" ind1=" " ind2=" ">
      <subfield code="a">R. 057 PIM I 2017</subfield>
    </datafield>
    <datafield tag="100" ind1=" " ind2=" ">
      <subfield code="a">Safari, Eri</subfield>
    </datafield>
    <datafield tag="245" ind1=" " ind2=" ">
      <subfield code="a">Pembangunan Sistem Informasi Manajemen Akademik STIK PTIK Yang Terintegrasi Dengan Pangkalan Data Pendidikan Tinggi (PDDIKTI)</subfield>
    </datafield>
    <datafield tag="260" ind1=" " ind2=" ">
      <subfield code="a">Jakarta</subfield>
      <subfield code="b">LAN Jakarta</subfield>
      <subfield code="c">2017</subfield>
    </datafield>
    <datafield tag="300" ind1=" " ind2=" ">
      <subfield code="a">iv; 42 hlm.; Lamp.; 30 cm</subfield>
    </datafield>
    <datafield tag="500" ind1=" " ind2=" ">
      <subfield code="a">Proyek perubahan Pembangunan Sistem Informasi Manajemen Akademik STIK PTIK untuk mendukung kebutuhan Perguruan Tinggi dalam memperpanjang ijin penyelenggaraan Program Studi, menyediakan pusat penyimpanan data pelaporan akademik dan non akademik Perguruan Tinggi, mendukung Sistem Penjaminan Mutu Internal (SPMI) dan Sistem Penjaminan Mutu Eksternal (SPME), mendukung kebutuhan benchmarking Perguruan Tinggi, sebagai dasar pertimbangan kebijakan kebijakan dalam bidang akademik maupun non akademik di STIK PTIK, serta untuk pertimbangan penentuan kebijakan bidang pembinaan maupun bidang operasional pada fungsi fungsi di Mabes Polri.</subfield>
    </datafield>
    <datafield tag="650" ind1=" " ind2=" ">
      <subfield code="a">Manajemen Akademik</subfield>
    </datafield>
  </record>
</collection>
